000 00561cam a22001934a 4500
005 20250605164154.0
008 250528s ||||||||||||||||||||||||d
035 _a19513
020 _a9609058930
040 _aGR-AtMCL
_bgre
_dGR-AtMCL
_eAACR2
245 1 _aΠΡΟΓΡΑΜΜΑΤΑ: ΔΙΔΑΚΤΙΚΗ ΜΕΘΟΔΟΛΟΓΙΑ ΠΡΟΣΧΟΛΙΚΗΣ ΑΓΩΓΗΣ
250 _a1
260 _bΑυτοεκδοση,
_c2004
300 _a379
700 1 _aΚιτσαρας Γεωργιος Δη
_95755
942 _cBK
999 _c4769
_d4769